000 00355 a2200169 4500
001 73501
020 _a852625622-X
040 _cAnchieta - Colégio São Paulo
100 _aAlencar, José de
240 1 0 _aIracema
_lpor
245 1 0 _aIracema
300 _a74
362 0 _a2004
440 1 _aScipione
650 4 _aFicção brasileira
942 _cBK
999 _c73501
_d73501